Photosynthesis Abbreviations - Statistics

General Stats
  • This quiz has been taken 8 times
  • The average score is 11 of 17
Answer Stats
Abbrev. or Phrase/Word(s) Answer % Correct
Adenosine diphosphate ADP
100%
Adenosine triphosphate ATP
100%
Nicotinamide adenine dinucleotide; oxidized NAD+
100%
Crassulacean acid metabolism CAM
83%
Nicotinamide adenine dinucleotide phosphate NADP
83%
Ferredoxin Fd
67%
Nicotinamide adenine dinucleotide; reduced NADH
67%
Nicotinamide adenine dinucleotide phosphate; reduced NADPH
67%
Nanometre nm
67%
3-phosphoglyceric acid PGA
67%
Plants that employ the 4-carbon molecule oxalaocetate C4
50%
P700 Photosystem 1
50%
P680 Photosystem 2
50%
RuBP (Ribulose 1,5-biphosphate) Rubisco
50%
Phosphoenolpyruvate PEP
33%
PQ Plastoquinone
33%
3-phophoglyceraldehyde PGAL
17%
No matching quizzes found
Score Distribution
Percent of People with Each Score
Percentile by Number Answered
Your Score History
You have not taken this quiz